| 000 | 00514nam a22001817a 4500 | ||
|---|---|---|---|
| 003 | CEME | ||
| 005 | 20210628205106.0 | ||
| 008 | 210224b xxu||||| |||| 00| 0 eng d | ||
| 020 | _a0-89006-766-X | ||
| 040 | _c. | ||
| 082 | _a621.381331 GUP'M | ||
| 100 |
_aGupta, K. C _971064 |
||
| 245 | _aMicrostrip lines and slotlines | ||
| 260 |
_aBOSTON _bARTECH HOUSE _c1996 |
||
| 300 | _a535P | ||
| 650 |
_aMICROWAVE INTEGRATED CIRCUIT MICROWAVES TRANSMISSION LINES STRIP TRANSMISSION LINES _973842 |
||
| 942 |
_cBK _2ddc |
||
| 999 |
_c579480 _d579480 |
||